000
00365nam a2200133Ia 4500
008
100328s9999 xx 000 0 und d
082
_b
24587
100
_a
देशमुख संजीवनी
245
_a
कॅरेक्टर
260
_b
संतोष
630
_a
कॅरेक्टर
730
_a
कॅरेक्टर
942
_c
BOOK
999
_c
517857
_d
517854